| 000 | 01634nam a2200385 a 4500 | ||
|---|---|---|---|
| 001 | ebr10751732 | ||
| 003 | CaPaEBR | ||
| 006 | m o u | ||
| 007 | cr cn||||||||| | ||
| 008 | 130912s2013 ilu sb 001 0 eng d | ||
| 020 | _z9780838911648 | ||
| 020 | _z9780838996287 (e-book) | ||
| 040 |
_aCaPaEBR _cCaPaEBR |
||
| 035 | _a(OCoLC)842919709 | ||
| 050 | 1 | 4 |
_aZ678 _b.W675 2013eb |
| 082 | 0 | 4 |
_a020 _223 |
| 100 | 1 | _aWoodward, Jeannette A. | |
| 245 | 1 | 4 |
_aThe transformed library _h[electronic resource] _be-books, expertise, and evolution / _cJeannette Woodward. |
| 260 |
_aChicago, Ill. : _bALA Editions, _cc2013. |
||
| 300 | _a1 online resource (xiii, 131 p.) | ||
| 504 | _aIncludes bibliographical references at the end of each chapters and index. | ||
| 533 |
_aElectronic reproduction. _bPalo Alto, Calif. : _cebrary, _d2015. _nAvailable via World Wide Web. _nAccess may be limited to ebrary affiliated libraries. |
||
| 588 | _aDescription based on online resource; title from title page (ebrary, viewed September 11, 2013). | ||
| 650 | 0 |
_aLibraries _xAims and objectives. |
|
| 650 | 0 |
_aLibraries _xForecasting. |
|
| 650 | 0 | _aLibraries and electronic publishing. | |
| 650 | 0 |
_aLibraries _xInformation technology. |
|
| 650 | 0 | _aLibraries and the Internet. | |
| 650 | 0 |
_aLibrarians _xEffect of technological innovations on. |
|
| 650 | 0 |
_aLibrary science _xPhilosophy. |
|
| 650 | 0 | _aLibraries and society. | |
| 655 | 7 |
_aElectronic books. _2local |
|
| 710 | 2 | _aebrary, Inc. | |
| 856 | 4 | 0 |
_uhttp://site.ebrary.com/lib/rucke/Doc?id=10751732 _zAn electronic book accessible through the World Wide Web; click to view |
| 999 |
_c115474 _d115474 |
||